Biológia 1 /

Uložené v:
Podrobná bibliografia
Hlavný autor: Bumerl, Jiří, 1925- (Author)
Médium: Kniha
Jazyk:Slovak
Vydané: Bratislava : Príroda, 1984.
Vydanie:1. vyd.
ISBN: (viaz.)
Fyzický popis: 347 s.
Tagy: Pridať tag
Žiadne tagy, Buďte prvý kto otaguje tento záznam!

MARC

LEADER 00000nam a2200000 a 4500
001 000204607
005 20100624091833.0
008 970716s1984 xo e slo d
020 |a (viaz.)  |c Kčs 28,00 
040 |a SVKKK  |b slo  |c SVKKK  |e AACR2 
041 0 |a slo 
044 |a xo  |c SK 
245 0 0 |a Biológia  |n 1 /  |c Jiří Bumerl ... [et al.]. 
250 |a 1. vyd. 
260 |a Bratislava :  |b Príroda,  |c 1984. 
300 |a 347 s. 
700 1 |a Bumerl, Jiří,  |d 1925-  |4 aut 
910 |a svkkk 
998 |a BK 
090 |g SCKHL  |k Sklad Pribinova prízemie  |a IV.128124  |j 702890  |i 2720793747  |s Absenčne 
090 |g SCKHL  |k Sklad Pribinova prízemie  |a IV.137763  |j 751025  |i 2720185439  |s Absenčne